Matemática 4 /

Guardado en:
Autor Principal: Vázquez de Tapia, Nelly E.
Formato: Libro
Publicado: Buenos Aires : Estrada, 1983
Edición:2a. ed.
Materias:
Etiquetas: Agregar Etiqueta
Sin Etiquetas, Sea el primero en etiquetar este registro!
LEADER 01247nam a22003015a 4500
001 CEM.cems016174
008 130507s1983##################000#0#####d
005 20250428141056.0
245 1 0 |a Matemática 4 /  |c Nelly E. Vázquez de Tapia, Alicia S. Tapia de Bibiloni y Carlos Alberto Tapia 
250 |a 2a. ed. 
260 |a Buenos Aires :  |b Estrada,  |c 1983 
300 |a 809 p. 
020 |a 9500101149 
100 1 |a Vázquez de Tapia, Nelly E. 
082 0 4 |a 510 
653 |a Cónicas 
653 |a Ecuación vectorial de la recta 
653 |a Ecuaión de la recta 
653 |a Función afín 
653 |a Funciones 
859 |a CEMS  |b BIB. CEMS - Agricultura  |h 510  |i T162  |p A17390.93  |t Ej.1  |v 4  |3 4 
859 |a CEMS  |b BIB. CEMS - 11 de abril  |h 510  |i T162  |p 13801.86  |t Ej.2  |v IV  |3 IV 
859 |a CEMS  |b BIB. CEMS - 11 de abril  |h 510  |i T162  |p 13803.86  |t Ej.4  |v IV  |3 IV 
859 |a CEMS  |b BIB. CEMS - 11 de abril  |h 510  |i T162  |p 13804.86  |t Ej.5  |v IV  |3 IV 
859 |a CEMS  |b BIB. CEMS - 11 de abril  |h 510  |i T162  |p 13805.86  |t Ej.6  |v IV  |3 IV 
859 |a CEMS  |b BIB. CEMS - 11 de abril  |h 510  |i T162  |p 13807.86  |t Ej.8  |v IV  |3 IV 
859 |a CEMS  |b BIB. CEMS - 11 de abril  |h 510  |i T162  |p 13808.86  |t Ej.9  |v IV  |3 IV 
859 |a CEMS  |b BIB. CEMS - 11 de abril  |h 510  |i T162  |p 19942.98  |t Ej.13  |v IV  |3 IV